Všeobecne záväzné nariadenie na prevádzku Domu smútku a pohrebiska v mestskej časti Košice-Barca

Bibliographic Details
Format: Article
Language:Slovak
Subjects:

MARC

LEADER 00000nab a2200000 a 4500
001 vtls000892274
003 SK-MaSNL
005 20260302175916.0
008 040720e19940000xo 0 slo
035 |a KE1312 
040 |a KEVKJB  |b slo  |c KEVKJB  |e AACR2 
041 0 |a slo 
044 |a xo  |c SK 
080 |a 351.776  |2 1981 
080 |a 718  |2 1981 
245 0 0 |a Všeobecne záväzné nariadenie na prevádzku Domu smútku a pohrebiska v mestskej časti Košice-Barca 
610 2 7 |a Dom smútku a pohrebisko (Košice - Barca, Slovensko)  |2 KEVKJB  |9 888124 
650 0 7 |a cintoríny  |2 KEVKJB  |9 2946 
650 0 7 |a prevádzka  |2 KEVKJB  |9 276812 
650 0 7 |a nariadenia záväzné  |2 KEVKJB  |9 873580 
651 7 |a Košice (Slovensko)  |2 KEVKJB  |9 18694 
773 0 8 |t Barčiansky súčasník  |g Roč. 5  |g Roč. 28, č.2 (1994), s. 3-6 
852 |a ZVYKNI  |b KIS3GCP 
999 |c 1408758  |d 1410688